000 00334 a2200133 4500
020 _a0-09-928618-1
040 _aDLC
_bDLC
100 1 _aGreene, Graham,
245 0 4 _aThe ministry of fear
_cGraham Greene
260 _aLondon :
_bVintage,
_c2001
300 _a220 p ;
_c20 cm
490 0 _aVintage classics
942 _cBK
_k823.912 GRE
_2ddc
999 _c10344
_d10344